Statistics for The Ultimate Porsche Quiz

Click here to take the quiz!

General Stats

  • This quiz has been taken 887 times
    (755 since last reset)
  • The average score is 15 of 24

Answer Stats

PORSCHE% Correct
1964-74911 (original)
95%
2002 (still in production)Cayenne
82%
1996 (still in production)Boxster
80%
2006 (still in production)Cayman
77%
2013 (still in production)918 Spyder
76%
2014 (still in production)Macan
73%
2012 (still in production)911 (991)
71%
2009 (still in production)Panamera
71%
2005-11911 (997)
70%
1999-04911 (996)
69%
1994-98911 (993)
65%
1975-78911 Turbo (930)
64%
1978-95928
63%
1982-91944
61%
1976-88924
57%
1960-65356
56%
1989-93911 (964)
56%
1965-69912
56%
1975912E
56%
1969-76914
55%
1986-89959
55%
2004-07Carrera GT
55%
1992-95968
45%
1996-99 (limited run, 25 units)GT1 Straßenversion
33%

Score Distribution

Percentile by Number Answered

Percent of People with Each Score

Your Score History

You have not taken this quiz since the last reset